000 00765nam a2200181 a 4500
003 0
005 20250530122523.0
008 021119s19uu xx 00 eng d
050 _aPHS U 21.5
_b.I48 2002
100 _aIlumin, Maureen Ann F.
245 _aA Comparative study on the effects of the ROTC program to students of Don Bosco Technical College and University of the Philippines, Diliman /
_cMaureen Ann F. Ilumin.
260 _aLas PiƱas City, Philippines :
_bSouthville International School and Colleges,
_c2002.
300 _a30 pages :
_billustrations ;
_c28 cm.
504 _aIncludes bibliographical references.
650 _aReserve Officers' Training Corps (Philippines).
650 _aStudent military training
_zPhilippines.
942 _2lcc
_cPASS
999 _c96711
_d96711